| 000 | 00582nam a2200217 a 4500 | ||
|---|---|---|---|
| 001 | 38626 | ||
| 003 | BD-RjUL | ||
| 005 | 20211209052830.0 | ||
| 008 | 160127b1961 pk a|||| |||| 00| 0 urd d | ||
| 035 | _a(BD-RjUL) | ||
| 040 |
_aBD-RjUL _burd _cBD-RjUL |
||
| 041 | _aurd | ||
| 082 |
_222 _a891.43 _bSAG 1961 |
||
| 100 |
_aSabjwari,Shawkat _9119217 |
||
| 245 |
_aGhalib -fiker o fan / _cShawkat Sabjwari |
||
| 260 |
_a pakistan : _banjuman taraki urdu, _c1961. |
||
| 300 |
_a264 p. ; _c24 cm. |
||
| 504 | _aincludes index | ||
| 650 |
_aLiterature [urdu] _9119111 |
||
| 942 |
_2ddc _cBK |
||
| 999 |
_c38626 _d38626 |
||